00401nam a2200169 a 4500001001500000003000400015005001700019008004100036020001800077040001100095082001600106100001500122245003000137260003400167300001700201650001300218ASIN8177543148OSt20150408114142.0130928s2012 xxu eng d a9788174731777 a Ma-Un 222a574.0721 a Negi, K S10aBiostatistics /cK S Negi aNew Delhi :bA.I.T.B.S,c2011 a252 P.c22cm aBiometry